International marketing data and statistics 1996.
| Format: | Book |
|---|---|
| Published: |
London:
Euromonitor,
1996.
|
| Edition: | 20th ed.. |
| Subjects: |
| LEADER | 00441cam a2200157 7i4500 | ||
|---|---|---|---|
| 001 | 0000004257 | ||
| 005 | 19991025090000.0 | ||
| 002 | ##000005726 | ||
| 020 | 0 | 0 | |a 0-86338-568-0 |
| 090 | 0 | 0 | |a STAT 338.9 |b INT |
| 245 | 1 | 0 | |a International marketing data and statistics 1996. |
| 250 | 0 | 0 | |a 20th ed.. |
| 260 | 0 | 0 | |a London: |b Euromonitor, |c 1996. |
| 300 | 0 | 0 | |a 625 p.. |
| 650 | 0 | 0 | |a Economic development |
| 999 | |a 0000007042 |b Book |c Open shelf |e Business Information Centre | ||


